| 000 | 00000nam##2200000za#4500 |
| 001 | 9.603460 |
| 003 | CaOODSP |
| 005 | 20210624211102 |
| 007 | cr ||||||||||| |
| 008 | 150406|2005||||xxc|||||o f|0| 0 fre|d |
| 040 | |aCaOODSP|bfre |
| 043 | |an-cn--- |
| 086 | 1 |aBT31-4/53-2005F-PDF |
| 110 | 1 |aCanada. |bConseil du trésor. |
| 245 | 10|aConseil national de recherches Canada - CNRC rapport ministériel sur le rendement pour la période se terminant le 31 mars 2005 |h[ressource électronique] |
| 246 | 1 |iTitre de renvoi : |aNRC-CNRC rapport ministériel sur le rendement pour la période se terminant le 31 mars 2005 |
| 260 | |aOttawa - Ontario : |bSecrétariat du Conseil du Trésor du Canada |c[2005]. |
| 300 | |a144p.|bfigure, graphiques, organigramme, tableaux |
| 490 | 1 |aRapport sur le rendement pour la période se terminant le 31 mars 2005 |
| 590 | |a12-07-Supp|b2012-03-09 |
| 775 | 08|tNational Research Council Canada - NRC departmental performance report for the period ending March 31, 2005 |w(CaOODSP)9.573251 |
| 776 | 0#|tNational Research Council Canada |w(CaOODSP)9.541916 |
| 776 | 0#|tConseil national de recherches Canada |w(CaOODSP)9.541917 |
| 830 | #0|aRapport sur le rendement pour la période se terminant le 31 mars 2005.|w(CaOODSP)9.502661 |
| 856 | 40|ahttp://publications.gc.ca|qPDF|s2.07 Mo|uhttps://publications.gc.ca/collections/collection_2012/sct-tbs/BT31-4-53-2005-fra.pdf |